LIBRARY & INFORMATION CENTRE, KCAET, TAVANUR

ONLINE PUBLIC ACCESS CATALOGUE (OPAC)

Performance evaluation of flat plate collector solar water heating system (Record no. 15044)

MARC details
000 -LEADER
fixed length control field 00681nam a22001817a 4500
003 - CONTROL NUMBER IDENTIFIER
control field OSt
088 ## - REPORT NUMBER
Report number P 16
100 ## - MAIN ENTRY--AUTHOR NAME
Personal name JIGIMON T
245 ## - TITLE STATEMENT
Title Performance evaluation of flat plate collector solar water heating system
260 ## - PUBLICATION, DISTRIBUTION, ETC. (IMPRINT)
Place of publication Tavanur 1993
Name of publisher Department of Agricultural Processing and Structures
300 ## - PHYSICAL DESCRIPTION
Number of Pages 65
500 ## - GENERAL NOTE
General note Performance evaluation of flat plate collector solar water heating system
520 ## - SUMMARY, ETC.
Summary, etc Performance evaluation of flat plate collector solar water heating system
700 ## - ADDED ENTRY--PERSONAL NAME
Personal name Er. Santhi Mary Mathew (Guide)
856 ## - ELECTRONIC LOCATION AND ACCESS
Uniform Resource Identifier https://drive.google.com/open?id=1qFiNd8feUATfr9t1TfKJ2LCbgq8YXacG
942 ## - ADDED ENTRY ELEMENTS (KOHA)
Koha item type Project Report
Holdings
Collection code Home library Current library Shelving location Full call number Accession Number Koha item type
Reference KAUAET KAUAET Reference 631.56 JIG/PE P 16 Project Report
free website counter